| 000 | 00612nam a22001817a 4500 | ||
|---|---|---|---|
| 999 |
_c61177 _d61177 |
||
| 005 | 20231227115957.0 | ||
| 008 | 231227s2000 ru ||||| |||| 00| 0 rus d | ||
| 015 | _q 5818301699 | ||
| 041 | _arus | ||
| 080 | _a94(37) Д-40 | ||
| 100 |
_aДжеймс, Паула _920914 |
||
| 245 |
_a Римская цивилизация / _cПаула Джеймс. |
||
| 264 |
_aМосква : _b ФАИР-ПРЕСС, _c 2000. |
||
| 300 |
_a270 с.: _bил.; _c21 см. |
||
| 440 |
_aГрандиозный мир _920915 |
||
| 653 | _aრომაული ცივილიზაცია | ||
| 942 |
_2udc _cᲬᲘᲒᲜᲘ |
||